000 00483nam a2200169 a 4500
001 000022408
005 20200930011722.0
008 101008s2002 dr 001 0 spa d
020 _a9591007477
040 _aDO-SdBNP
_bspa
_cBNPHU
100 1 _aFornet, Ambrosio
_915545
245 1 3 _aEl libro en Cuba /
_cAmbrosio Fornet.
260 _aLa Habana, :
_bInstituto Cubano del Libro
_bLetras Cubanas,
_c2002.
300 _a239 p. ;
_c28 cm.
500 _aIncluye índice
049 _aBNPD
999 _c21906
_d21906